Statistics for Closest But Not Bordering Country

Click here to take the quiz!

General Stats

  • This quiz has been taken 18 times
  • The average score is 13 of 18

Answer Stats

QuestionAnswer% Correct
NorwayDenmark
89%
SerbiaGreece
83%
QatarBahrain
78%
BrazilEcuador
78%
Czech RepublicHungary
78%
PortugalMorocco
78%
UruguayParaguay
78%
MadagascarComoros
72%
YemenDjibouti
72%
The GambiaGuinea-Bissau
72%
LuxembourgNetherlands
72%
The BahamasUnited States
72%
NepalBhutan
67%
TajikistanKazakhstan
67%
UgandaBurundi
56%
CambodiaMalaysia
50%
HondurasBelize
44%
FijiVanuatu
44%

Score Distribution

Percentile by Number Answered

Percent of People with Each Score

Your Score History

You have not taken this quiz